000 00652nam a22001937a 4500
005 20251108175506.0
008 250721s2011 xx 000 0 ara d
082 1 4 _a070.57973/كام
100 1 _aكامل، مجدي
245 1 0 _aويكيليس .. وما أدراك ما ويكيليس !! /
264 1 _aدمشق :
_bدار الكتاب العربي،
_c2011.
300 _a464ص.
650 1 7 _aالشبكة العنكبوتية العالمية
650 1 7 _aسرية الاتصالات السلكية واللاسلكية
650 1 7 _aالاسرار الرسمية
650 1 7 _aويكيليكس
942 _2ddc
_cBK
999 _c135381
_d135381